| 000 | 00509cam a2200157 a 4500 | ||
|---|---|---|---|
| 040 | _cDLC | ||
| 082 | 0 | 0 | _a363 SCE 1984 C152 Or. |
| 245 | 0 | 0 | _a1983 air pollution measurements of the South Carolina air quality surveillance network. |
| 260 |
_a[Columbia] : _bSouth Carolina Dept. of Health and Environmental Control, _c[1984?] |
||
| 300 |
_a24 leaves ; _c28 cm. |
||
| 500 | _aCover title. | ||
| 650 | 0 | _aAir quality | |
| 650 | 0 | _aAir quality monitoring stations | |
| 710 | 1 | _aSouth Carolina. | |
| 942 | _cAEDBB | ||
| 999 |
_c18735 _d18735 |
||